000 00550nam a2200229Ia 4500
005 20250425160746.0
008 250425s9999 xx 000 0 und d
020 _a8489660018
041 _aspa
082 _a004.6
100 _aSTALLINGS, WILLIAM
245 0 _aCOMUNICACIONES Y REDES DE COMPUTADORES
250 _a5A ED.
260 _aEspaƱa
_bPRENTICE HALL
_c1997
260 _aMADRID
300 _a792
650 _aREDES DE COMPUTADORAS
650 _aREDES LAN
650 _aTRANSMISION DE DATOS
942 _c01
010 _a4593
999 _c195574
_d195574